000
00319nam a22001337a 4500
999
_c
9178
_d
9178
003
OSt
008
201119b ||||| |||| 00| 0 eng d
100
_a
Malhotra, R.K.
245
_a
1001 Business Letters
260
_a
New Delhi
_b
Chaudhary Pub.
_c
2018
300
_a
212p.
650
_a
B.A Hons. English
942
_2
ddc
_c
BK